Fundamantals of Power Electronics with Matlab (Record no. 182427)

MARC details
000 -LEADER
fixed length control field 00309nam a2200121Ia 4500
008 - FIXED-LENGTH DATA ELEMENTS--GENERAL INFORMATION
fixed length control field 230303s9999 xx 000 0 und d
041 ## - LANGUAGE CODE
Language code of text/sound track or separate title eng
082 ## - DEWEY DECIMAL CLASSIFICATION NUMBER
Classification number 621.38'1044 SHA
100 ## - MAIN ENTRY--PERSONAL NAME
Personal name Shaffer(Randall)
245 ## - TITLE STATEMENT
Title Fundamantals of Power Electronics with Matlab
260 ## - PUBLICATION, DISTRIBUTION, ETC.
Place of publication, distribution, etc. NEW YORK
Name of publisher, distributor, etc. Cenage
365 ## - TRADE PRICE
Currency code RS
Holdings
Withdrawn status Lost status Damaged status Not for loan Home library Current library Shelving location Date acquired Cost, normal purchase price Total Checkouts Full call number Barcode Date last seen Price effective from Koha item type
        College of Engineering, New Delhi College of Engineering, New Delhi   03/03/2023 395.00   621.38'1044 SHA EB8951 03/03/2023 03/03/2023 Book